000 00226nam a2200097Ia 4500
008 220204s9999 xx 000 0 und d
082 _a82-3
_bBLY
100 _aBlyton, Enid
245 0 _aThird year at Malory towers
942 _cBK
999 _c37664
_d37664